| 000 | 00411nam a2200169Ia 4500 | ||
|---|---|---|---|
| 008 | 230524s9999 xx 000 0 und d | ||
| 020 | _a8176840254 | ||
| 082 |
_a621.3824 _bPRA |
||
| 100 | _aK.D.Prasad | ||
| 245 | 0 | _aAntenna and Wave Propagation | |
| 250 | _a1 | ||
| 260 |
_aNew Delhi _bTech India Pub. _c2018 |
||
| 300 | _a1281p; | ||
| 500 | _aQuantity Number: 10 | ||
| 650 | _aElectronics | ||
| 942 | _cBK | ||
| 999 |
_c59473 _d59473 |
||